Borussia Dortmund: Alle Torschützen der 2010er - Statistiken

Allgemein
  • Dieses Quiz wurde 1.048 mal gespielt
  • Das Durchschnittsergebnis liegt bei 39 aus 61
Antwortstatistiken
Pos. Nat. Spieler % Korrekt
VER GER Mats Hummels
97%
ST NOR Erling Haaland
95%
ST POL Robert Lewandowski
95%
ST GAB Pierre-Emerick Aubameyang
94%
ST GER Marco Reus
93%
VER SRB Neven Subotic
90%
MIT JAP Shinji Kagawa
89%
ST ITA Ciro Immobile
88%
MIT GER Mario Götze
88%
MIT ENG Jadon Sancho
86%
VER GER Marcel Schmelzer
86%
ST ESP Paco Alcacer
84%
VER POR Raphael Guerreiro
83%
MIT TUR Nuri Sahin
81%
MIT BEL Thorgan Hazard
81%
MIT BEL Axel Witsel
80%
ST USA Christian Pulisic
80%
ST PAR Lucas Barrios
80%
VER SUI Manuel Akanji
80%
MIT DEN Thomas Delaney
79%
ST UKR Andriy Yarmolenko
77%
VER POL Lukasz Piszczek
75%
VER GRE Sokratis
75%
VER MAR Achraf Hakimi
73%
MIT ARM Henrikh Mkhitaryan
71%
MIT GER Kevin Großkreutz
70%
ST COL Adrian Ramos
69%
VER BRA Felipe Santana
69%
MIT TUR Emre Mor
67%
MIT GER Julian Brandt
67%
MIT FRA Ousmande Dembele
67%
VER FRA Dan-Axel Zagadou
66%
MIT GER Emre Can
66%
ST BEL Michi Batshuayi
66%
MIT POL Jakub Blaszczykowski
65%
MIT GER Sebastian Kehl
65%
MIT CRO Ivan Perisic
64%
MIT GER Ilkay Gündogan
63%
MIT GER Sven Bender
62%
VER ESP Marc Bartra
61%
VER GER Erik Durm
50%
VER FRA Abdou Diallo
48%
MIT DEN Jacob Bruun Larsen
48%
ST GER Julian Schieber
48%
MIT GER Mahmoud Dahoud
48%
VER GER Nico Schulz
48%
MIT GER Andre Schürrle
46%
MIT SRB Milos Jojic
46%
VER GER Matthias Ginter
45%
MIT GER Julian Weigl
40%
MIT GER Marius Wolf
34%
MIT BRA Antonio da Silva
33%
MIT GER Sebastian Rode
32%
MIT GER Jonas Hofmann
30%
ST GER Maximilian Philipp
30%
VER GER Patrick Owomoyela
29%
MIT GER Oliver Kirch
27%
MIT GER Gonzalo Castro
26%
VER GER Jeremy Toljan
19%
VER GER Manuel Friedrich
19%
MIT GER Leonardo Bittencourt
18%
Keine übereinstimmenden Quizze gefunden
Verteilung der Resultate
Anzahl Personen mit jedem Resultat
Perzentil nach korrekt beantworteten Fragen
Ihre Resultats-Entwicklung
Sie haben dieses Quiz noch nicht gespielt